00600nam a2200193Ia 4500008004100000020001500041050000900056050001600065100001900081245001700100260002400117260002900141260000900170440006600179650001300245650001300258999001900271952011600290170203s9999 xx 000 0 und d a9713620577 aFic  b.C987f 2006 aCustodio, R.M. aFish Story / aManila, Philippines bS.G.E. Publishing, Inc., c2006 aThe day I Encounted A Monstrous Giant Fish Who Hated my Jokes aFishes-- xFiction. c306031d306031 001040aSSISBbSSISBcGS FICTIONd2017-02-03l0oFic .C987f 2006pLS-1356r2017-02-03 00:00:00w2017-02-03yBK